Представление документа в формате RUSMARC

Поле Инд. ПП Название Значение
Тип записи a
Библиографический уровень a
001 Контрольный номер 2e2d49aa5a344f15a5be245c75d5b956
005 Дата корректировки 20181120134523.3
100 a Данные общей обработки 20180910 ||| 0rusy0189 ca
101 0_ a Язык текста rus
102 a Страна публикации RU
200 1_ f Первые сведения об ответственности В.В. Степанов
a Заглавие Управляющие организации как субъекты права на обращение в суд в защиту прав и законных интересов собственников помещений в многоквартирном доме
b Общее обозначение материала Электронный ресурс
210 d Дата издания 2018
461 _0 1 2000
a Закон и право
463 _0 1 2000
a №7
v С. 63-66
1 2101
d 2018
1 001b8a5a39af1b24267bb2eb63b09745d65
606 a Основная рубрика Гражданское и торговое право
610 0_ a Ключевые слова ЖИЛИЩНОЕ ПРАВО
a Ключевые слова УПРАВЛЕНИЕ МНОГОКВАРТИРНЫМИ ДОМАМИ
a Ключевые слова ЗАЩИТА ПРАВА СОБСТВЕННОСТИ
a Ключевые слова СУДЕБНАЯ ЗАЩИТА
700 _1 a Фамилия Степанов
b Имя В.В.
801 _0 a Страна RU
b Организация РГУП
c Дата составления 20180910
g Правила каталогизации PSBO
801 _1 a Страна RU
b Организация РГУП
c Дата составления 20180910
g Правила каталогизации PSBO
901 t Тип документа b
w Контрольный № источника b8a5a39af1b24267bb2eb63b09745d65
905 a Дата ввода 20180910